000 00521nam a2200193 a 4500
001 23899
003 CO-ViMGA
008 141112s2004 ck r 000 u spa d
020 _a9789589782262
040 _aCO-ViMGA
_bspa
_cCO-ViMGA
082 0 4 _aBUIs
100 1 _aBuitrago, Jairo
_934637
245 1 0 _aEl seƱor L. fante /
_cJairo Buitrago
260 _aColombia :
_bbabel
300 _a32p.
650 1 4 _a2 : SOLEDAD - CUENTOS INFANTILES
_934638
650 1 4 _aCUENTOS INFANTILES COLOMBIANOS
_92369
942 _2ddc
_cBK
999 _c31970
_d31970